=LDR 00000nam 2200000 4500 =001 000552 =005 20250711123150 =035 ##$$a 0010-0725000420 =007 ta =008 250711################a##########0#ind## =020 ##$$a 978-623-307-332-5 =082 ##$$a 398.209 598 =084 ##$$a 398.209 598 MAS t =100 #$$a Mohale Mashigo =245 1#$$a Tumi Merasa Takut /$c Mohale Mashigo =250 ##$$a Cetakan Kedua =260 ##$$a Rawamangun :$b Badan Pengembangan dan Pembinaan Bahasa,$c 2022 =300 ##$$a 16 hlm. : $b Ilus. ; $c 29 cm. =650 #4$$a Cerita Anak Indonesia - Terjemahan =650 #4$$a Literasi - Bahan bacaan =856 ##$$a TBM AS SUHADA =990 ##$$a TBM03130313